Statistiken für Deutsche Grand-Slam Sieger

Klicken Sie hier um das Quiz zu spielen!

Allgemein

  • Dieses Quiz wurde 64 mal gespielt
  • Das Durchschnittsergebnis liegt bei 5 aus 14

Antwortstatistiken

EinzelDoppelMixedGesamtAntwort% Korrekt
6006Boris Becker
100%
221023Steffi Graf
98%
1102Michael Stich
79%
3003Angelique Kerber
67%
2215Gottfried von Cramm
24%
2013Cilly Aussem
22%
0101Andreas Mies
21%
0202Claudia Kohde-Kilsch
17%
0101Kevin Krawietz
17%
0011Laura Siegemund
16%
3216Hilde Sperling
14%
0022Anna-Lena Grönefeld
9%
1203Henner Henkel
9%
0202Philipp Petzschner
5%

Verteilung der Resultate

Perzentil nach korrekt beantworteten Fragen

Anzahl Personen mit jedem Resultat

Ihre Resultats-Entwicklung

Sie haben dieses Quiz noch nicht gespielt